Statistics for Drake and Josh Theme Song Lyrics

Click here to take the quiz!

General Stats

  • This quiz has been taken 1,322 times
    (865 since last reset)
  • The average score is 174 of 242

Answer Stats

Answer% Correct
I
98%
a
96%
so
93%
So
93%
you
91%
You
91%
be
90%
way
88%
found
86%
never
86%
to
86%
but
85%
But
85%
simple
85%
your
85%
up
83%
if
82%
take
82%
that
82%
thought
82%
time,
82%
time
82%
it's
81%
It's
81%
some
80%
gonna
79%
Ooh
78%
open
76%
always
72%
find
70%
mind
70%
around
69%
inside
69%
just
69%
when
69%
When
69%
down
68%
look
66%
turn
66%
I'm
65%
realign
65%
sure
64%
you'll
64%
know
63%
it'd
62%
shoulder
62%
pickin'
61%
you're
60%
Over
59%
See
56%
what
55%
And
54%
I'll
48%
what's
48%
told
40%
crazy
33%
too
33%
No
31%
is
23%
can
19%
Now
19%
one
18%
possible
17%
anything
15%
live
15%
wanna
15%
like
13%
break
12%
cares
12%
gotta
12%
unbreakable
12%
give
11%
free
9%

Score Distribution

Percentile by Number Answered

Percent of People with Each Score

Your Score History

You have not taken this quiz since the last reset